The patron-client relationship in peasant society /
Saved in:
| 主要作者: | |
|---|---|
| 格式: | Thesis 图书 |
| 语言: | English |
| 出版: |
1978
|
| 主题: | |
| 标签: |
添加标签
没有标签, 成为第一个标记此记录!
|
| LEADER | 00876cam a2200289 a 4500 | ||
|---|---|---|---|
| 001 | u30391 | ||
| 003 | SIRSI | ||
| 008 | 821013s1978 at v 00 1 eng | ||
| 015 | |a X820003676 | ||
| 035 | |a AAD-2801 | ||
| 040 | |a UMM | ||
| 043 | |a d------ |a n-mx--- | ||
| 090 | |a HT421 |b Nors | ||
| 100 | 0 | 0 | |a Norazit Selat. |
| 245 | 1 | 4 | |a The patron-client relationship in peasant society / |c by Norazit bin Selat |
| 260 | |a 1978 | ||
| 300 | |a vi, 247 leaves ; |c 30cm | ||
| 500 | |a Photocopy | ||
| 502 | |a Dissertation (M.A.) - Monash University, 1978 | ||
| 504 | 0 | 0 | |a Bibliography: leaves 223-247 |
| 650 | 0 | |a Sociology, Rural. | |
| 650 | 0 | |a Patron and client | |
| 650 | 0 | |a Peasantry |z Developing countries. | |
| 650 | 0 | |a Peasantry |z Mexico | |
| 948 | |a 16/03/1991 |b 31/05/2002 | ||
| 596 | |a 1 | ||
| 999 | |a F HT421 NORS |w LC |c 1 |i A002887621 |d 12/5/1995 |l STACKS |m P01UTAMA |n 1 |r Y |s Y |t TESIS |u 13/11/1991 | ||
